| 000 | 00889cam a22002895a 4500 | ||
|---|---|---|---|
| 001 | 015978169 | ||
| 003 | EG-ScBUE | ||
| 005 | 20220104132547.0 | ||
| 008 | 111019s2012 enka f 000 1 eng d | ||
| 020 | _a9780141199290 (pbk.) | ||
| 020 | _a0141199296 (pbk.) | ||
| 040 |
_aStDuBDS _beng _erda _cStDuBDS _dUk _dEG-ScBUE |
||
| 082 | 0 | 4 |
_a823.7 _222 _bMAT |
| 100 | 1 |
_aMaturin, Charles Robert, _d1780-1824, _eauthor. _940144 |
|
| 245 | 1 | 0 |
_aMelmoth the wanderer / _cCharles Maturin. |
| 264 | 1 |
_aLondon : _bPenguin Books, _c2012. |
|
| 300 |
_aix, 707 pages : _billustrations ; _c20 cm. |
||
| 336 |
_2rdacontent _atext _btxt |
||
| 337 |
_2rdamedia _aunmediated _bn |
||
| 338 |
_2rdacarrier _avolume _bnc |
||
| 490 | 0 | _aPenguin English Library | |
| 650 | 7 |
_aImmortality _vFiction. _2BUEsh |
|
| 651 | _2BUEsh | ||
| 653 |
_cJune2016 _bHHUUEENN |
||
| 655 |
_vReading book _934232 |
||
| 942 |
_2ddc _cBB |
||
| 999 |
_c21864 _d21836 |
||